Edge of darkness (1943) : shooting script /

Bibliographic Details
Main Author: Rossen, Robert, 1908-1966
Corporate Author: Alexander Street (Firm)
Format: eBook
Language:English
Published: Alexandria, VA : Alexander Street Press, 2009.
Edition:1st electronic ed.
Series:American film scripts online.
Subjects:
Online Access:Connect to the full text of this electronic book

MARC

Tag First Indicator Second Indicator Subfields
LEADER 00000cam a2200000 i 4500
001 in00005635621
006 m o d
007 cr |n||||||||a
008 080405s2009 vau o 000 0 eng d
005 20250331201214.0
035 |a (OCoLC)ocn593422646 
040 |a ALSTP  |b eng  |e pn  |c ALSTP  |d OCLCQ  |d FTUBL  |d OCLCO  |d U3G  |d OCLCO  |d OCLCQ  |d OCLCF  |d OCLCO  |d OCLCQ  |d OCLCO  |d RRP  |d OCLCA  |d YOU  |d EYM  |d OCLCO  |d OCLCL  |d OCLCQ 
019 |a 405335047 
035 |a (OCoLC)593422646  |z (OCoLC)405335047 
050 4 |a PN1997.A1 
049 |a TXAM 
100 1 |a Rossen, Robert,  |d 1908-1966.  |1 https://id.oclc.org/worldcat/entity/E39PBJcgvbBqQ6m76P6qrmXfMP 
245 1 0 |a Edge of darkness (1943) :  |b shooting script /  |c written by Robert Rossen ; screenplay by Robert Rossen. 
250 |a 1st electronic ed. 
260 |a Alexandria, VA :  |b Alexander Street Press,  |c 2009. 
300 |a 1 online resource. 
336 |a text  |b txt  |2 rdacontent 
337 |a computer  |b c  |2 rdamedia 
338 |a online resource  |b cr  |2 rdacarrier 
490 1 |a American film scripts online 
650 0 |a Motion picture plays, American. 
650 6 |a Scénarios de cinéma américains. 
650 7 |a Motion picture plays, American.  |2 fast  |0 (OCoLC)fst01740826 
655 7 |a Electronic books.  |2 local 
655 7 |a screenplays.  |2 aat 
655 7 |a Screenplays.  |2 fast  |0 (OCoLC)fst01726675 
655 7 |a Screenplays.  |2 lcgft 
655 7 |a Scénarios de cinéma.  |2 rvmgf 
710 2 |a Alexander Street (Firm) 
758 |i has work:  |a Edge of darkness (1943) (Text)  |1 https://id.oclc.org/worldcat/entity/E39PCG4Ywk4TybvcMVdPRj9Xr3  |4 https://id.oclc.org/worldcat/ontology/hasWork 
830 0 |a American film scripts online. 
856 4 0 |u http://proxy.library.tamu.edu/login?url=https://www.aspresolver.com/aspresolver.asp?AFSO;FS001350  |z Connect to the full text of this electronic book  |t 0 
936 |a BATCHLOAD 
955 |a Alexander Press - Film Scripts Online Vol. 1 
994 |a 92  |b TXA 
999 f f |s db504641-6885-48a4-83ca-675302c5ed3b  |i daab4572-d173-4ed1-be8d-9d04e40219fe  |t 0 
952 f f |a Texas A&M University  |b College Station  |c Electronic Resources  |d Available Online  |t 0  |e PN1997.A1   |h Library of Congress classification 
998 f f |a PN1997.A1   |t 0  |l Available Online